Objetivos fundamentales y contenidos mínimos obligatorios del Sector Religión para la Educación Básica y la Educación Media

Guardat en:
Dades bibliogràfiques
Autor corporatiu: Conferencia Episcopal de Chile (Autor)
Format: Llibre
Idioma:espanyol
Publicat: Santiago Conferencia Episcopal de Chile 1998
Matèries:
Etiquetes: Afegir etiqueta
Sense etiquetes, Sigues el primer a etiquetar aquest registre!

MARC

LEADER 00000nam a2200000 a 4500
001 UCL4992
003 CL-VaPUC
008 040227e19980000CL |||||||||||||||||spa|d
082 0 4 |a 248.82  |b CON  |2 21 
110 2 |a Conferencia Episcopal de Chile  |e author  |9 482735 
245 1 0 |a Objetivos fundamentales y contenidos mínimos obligatorios del Sector Religión para la Educación Básica y la Educación Media 
942 |c BK 
945 |d 20040227 00:00:00  |a cmena 
260 |a Santiago  |b Conferencia Episcopal de Chile  |c 1998 
650 0 |a Educación religiosa   |9 308312 
650 0 |a Planificación del currículo  |9 269599 
650 0 |a Educación básica   |9 224933 
583 |a last modification  |c 20040227 00:00:00  |k Rodrigo Vera 
999 |c 307737  |d 307735 
952 |0 0  |1 0  |2 ddc  |4 0  |6 248_820000000000000_CON_1998  |7 0  |8 A  |9 373827  |a BIBTEO  |b BIBTEO  |d 2019-11-21  |i 3958299  |l 1  |m 1  |o 248.82 CON 1998  |p 3958299  |r 2025-01-17  |s 2024-04-19  |w 2019-11-21  |y BK  |k ICR